000
00306nam a2200121Ia 4500
008
230907s9999||||xx |||||||||||||| ||und||
082
_a
813.54
_b
BRO
245
0
_a
INFERNO :
260
_a
Corgi Books,; Bantom Press,
_b
London :
_c
2014
300
_a
578 p.
650
_a
English Literature
_9
318
942
_c
BK
999
_c
599785
_d
599785